| 000 | 01525cam a2200409 4500 | ||
|---|---|---|---|
| 001 | ABS64617 | ||
| 008 | 011023n2001 000 0 eng u | ||
| 035 | _a(Sirsi) u115255 | ||
| 100 | _aBlack, S | ||
| 245 | _aPFI goes global | ||
| 260 | _c2001 | ||
| 490 |
_aBuilding _v266(8205) 12 October 2001, 26-27(2) |
||
| 520 | _aLooks at the proliferation of PFI on a global scale and discusses how British construction firms are exporting their PFI expertise to other countries. European countries in particular have been impressed by how the UK has rebuilt its infrastructure without tax increases, and UK firms are greatly in demand by countries like the Netherlands who are embarking on PFI/PPP initiatives. Concludes that British firms should make other countries aware of the financial responsibility of PFI and the importance of understanding operational issues. Summary of PFI deals abroad. | ||
| 590 | _aABS | ||
| 650 | _aPRIVATE FINANCE INITIATIVE | ||
| 650 | _aPUBLIC PRIVATE PARTNERSHIPS | ||
| 650 | _aPUBLIC PRIVATE PARTNERSHIPS | ||
| 650 | _aCONSTRUCTION PROJECTS | ||
| 650 | _aPFI | ||
| 650 | _aFINLAND | ||
| 650 | _aICELAND | ||
| 650 | _aIRELAND | ||
| 650 | _aPORTUGAL | ||
| 650 | _aCYPRUS | ||
| 650 | _aSOUTH AFRICA | ||
| 650 | _aCHILE | ||
| 650 | _aARGENTINA | ||
| 650 | _aNETHERLANDS | ||
| 650 | _aITALY | ||
| 650 | _aJAPAN | ||
| 650 | _aAUSTRALIA | ||
| 650 | _aOMAN | ||
| 650 | _aEUROPE | ||
| 650 | _aCONSTRUCTION FIRMS | ||
| 690 | _aBUILT ENVIRONMENT | ||
| 942 | _n0 | ||
| 999 |
_c68640 _d68640 |
||